000 00703nam a2200205 4500
001 131300
003 ES-MaACL
005 20250830040701.0
007 t|
008 070214s1982 sp r ||||1| spa d
100 1 _aRobles, Adolfo.
_997922
245 1 0 _aProblemática y enfoques de la Teología medieval
_b: historia de las escuelas teológicas /
_cpor Adolfo Robles.
260 _aValencia :
_bFacultad de Teología San Vicente Ferrer,
_c1982.
300 _a109 p. ;
_c23 cm.
490 1 _aSerie Académica ;
_v5
710 2 _aFacultad de Teología San Vicente Ferrer
_94074
830 0 _aSerie Académica ;
_v5
_9219565
852 _aES-MaACL
_jL-1969
_bR.102919
999 _c131300
_d131300